00892cam a2200217 i 450000500170000000800410001704000250005804100080008304400070009108200180009811000440011624501200016026000540028030000630033450400500039765000460044765000340049365000420052771000410056971000640061020160922105153.0021119s2002 ck a r 000 0 spa d aCO-BoPUJcCO-BoIAVH 0 aspa ack04a633.577bC71g1 aColombiabMinisterio del Medio Ambiente10aGuía Ambiental para el subsector fique /cMinisterio del Medio Ambiente, Dirección General Ambiental Sectorial. aBogotá :bMinisterio del Medio Ambiente,c2002. a63 páginas :bilustraciones, diagramas y fotos ;c27 cm. aIncluye referencias bibliográficas (P. 55).24aProtección del medio ambientezColombia24aGestión ambientalzColombia14aFiquexAspectos ambientaleszColombia2 aSociedad de Agricultores de Colombia2 aFederación Nacional de Cultivadores y Artesanos del Fique